A valuer's guide to the RICS red book 2010 / (Record no. 121632)

MARC details
000 -LEADER
fixed length control field 00843nam a2200253 a 4500
003 - CONTROL NUMBER IDENTIFIER
control field UkOxU
005 - DATE AND TIME OF LATEST TRANSACTION
control field 20230725151727.0
008 - FIXED-LENGTH DATA ELEMENTS--GENERAL INFORMATION
fixed length control field 230725s2011 enk 001 0 eng d
020 ## - INTERNATIONAL STANDARD BOOK NUMBER
International Standard Book Number 9781842196717
100 1# - MAIN ENTRY--PERSONAL NAME
Personal name Cherry, Andrew.
245 12 - TITLE STATEMENT
Title A valuer's guide to the RICS red book 2010 /
Statement of responsibility, etc. [Andrew Cherry].
250 ## - EDITION STATEMENT
Edition statement 5th ed.
260 ## - PUBLICATION, DISTRIBUTION, ETC.
Place of publication, distribution, etc. Coventry :
Name of publisher, distributor, etc. RICS Books,
Date of publication, distribution, etc. 2011.
300 ## - PHYSICAL DESCRIPTION
Extent xii, 166 p. ;
Dimensions 21 cm.
490 ## - SERIES STATEMENT
Series statement RICS Red Book
500 ## - GENERAL NOTE
General note Author from cover.
500 ## - GENERAL NOTE
General note Includes index.
500 ## - GENERAL NOTE
General note Previous edition: 2010.
610 20 - SUBJECT ADDED ENTRY--CORPORATE NAME
Corporate name or jurisdiction name as entry element Royal Institution of Chartered Surveyors.
650 #0 - SUBJECT ADDED ENTRY--TOPICAL TERM
Topical term or geographic name entry element Real property
General subdivision Valuation
Geographic subdivision Great Britain
Form subdivision Handbooks, manuals, etc.
650 #0 - SUBJECT ADDED ENTRY--TOPICAL TERM
Topical term or geographic name entry element Corporations
General subdivision Valuation
Geographic subdivision Great Britain
Form subdivision Handbooks, manuals, etc.
710 2# - ADDED ENTRY--CORPORATE NAME
Corporate name or jurisdiction name as entry element Royal Institution of Chartered Surveyors.
942 ## - ADDED ENTRY ELEMENTS (KOHA)
Source of classification or shelving scheme Dewey Decimal Classification
Holdings
Withdrawn status Lost status Source of classification or shelving scheme Damaged status Not for loan Home library Current library Shelving location Date acquired Total Checkouts Full call number Date last seen Price effective from Koha item type
    Dewey Decimal Classification     London London Books 25/07/2023   RED BOOKS 25/07/2023 25/07/2023 Book